01085naa a2200253 a 450000100080000000500110000800800410001910000220006024501090008226000090019152003430020065300140054370000180055770000190057570000160059470000190061070000210062970000180065070000180066870000230068670000200070970000160072977300860074511248512016-02-17 2015 bl uuuu u00u1 u #d1 aSCHIOCCHET, M. A. aSCS121 CLbRice cultivar resistant to herbicides of imidazolinone chemical group.h[electronic resource] c2015 aSCS121 CL is a second-generation Clearfield?? rice cultivar with resistance to herbicides of the imidazolinone group. The cultivar has modern plant type, lodging resistance, late maturity cycle, high yield potential, long grains and good cooking quality. The cultivar is recommended to all rice-producer regions of Santa Catarina, Brazil. aSCS 121CL1 aNOLDIN, J. A.1 aMARSCHALEK, R.1 aWICKERT, E.1 aMARTINS, G. N.1 aEBERHARDT, D. S.1 aHICKEL, E. R.1 aKNOBLAUCH, R.1 aSCHEUERMANN, K. K.1 aRAIMONDI, J. V.1 aANDRADE, A. tCrop Breeding and Applied Biotechnology, Vi??osa Brasilgv. 15, p. 282-284, 2015.